000 00833nam a2200253Ia 4500
003 OSt
005 20220923220942.0
006 a|||||r|||| 00| 0
007 ta
008 220922b |||||||| |||| 00| 0 hin d
024 _a192,614
037 _cTextual
040 _aARTS
_cARTS
_bhin
041 _2hin
_ahin
082 _aU8.58.N88, 152M9
100 _aशशि, श्यामसिंह
245 0 _aइतिहास बनती यात्राएंॅ
246 _aItihās banatī yātrāeanॅ
260 _aनई दिल्ली
_b पुस्तकायन प्रकाशन
_c1989
300 _a103पृ.
_ccm.
650 _aभारतीय-भूगोल
942 _hU8.58.N88, 152M9
_cTEXL
_2CC
999 _c345203
_d345203